| 000 | 00314nam a2200109Ia 4500 | ||
|---|---|---|---|
| 008 | 230907s9999||||xx |||||||||||||| ||und|| | ||
| 082 |
_a333.914 _bMAR |
||
| 245 | 0 | _aMarine renewable energy handbook / | |
| 260 |
_aISTE ; | John Wiley & Sons, _bLondon : | Hoboken, NJ : _c2012 |
||
| 300 | _axx, 643 p. : | ||
| 942 | _cBK | ||
| 999 |
_c597118 _d597118 |
||